Every Class 1 Maine Senator - Statistics

General Stats
  • This quiz has been taken 21 times
  • The average score is 11 of 22
Answer Stats
Picture Hint Answer % Correct
I(2013-) Angus King
100%
D(1959-1980) Edmund Muskie
100%
R(1869-1881) Hannibal Hamlin
100%
R(1857-1861) Hannibal Hamlin
100%
D(1848-1857) Hannibal Hamlin
100%
R(1995-2013) Olympia Snowe
100%
D(1980-1995) George J. Mitchell
75%
D(1911-1917) Charles F. Johnson
50%
J(1827-1829) Albion K. Parris
25%
R(1857-1857) Amos Nourse
25%
J(1833-1836) Ether Shepley
25%
R(1881-1911) Eugene Hale
25%
R(1953-1959) Frederick G. Payne
25%
R(1917-1941) Frederick Hale
25%
D(1843-1848) John Fairfield
25%
AJ(1829-1833) John Holmes
25%
R(1820-1827) John Holmes
25%
J(1836-1837) Judah Dana
25%
R(1861-1869) Lot M. Morrill
25%
R(1941-1952) Owen Brewster
25%
D(1837-1843) Reuel Williams
25%
D(1848-1848) Wyman B. S. Moor
25%
No matching quizzes found
Score Distribution
Percent of People with Each Score
Percentile by Number Answered
Your Score History
You have not taken this quiz